The architectural drawing course : the hand drawing techniques every architect should know
Uloženo v:
| Hlavní autor: | |
|---|---|
| Médium: | Kniha |
| Jazyk: | angličtina |
| Vydáno: |
Thames and Hudson
2017
|
| Tagy: |
Přidat tag
Žádné tagy, Buďte první, kdo vytvoří štítek k tomuto záznamu!
|
MARC
| LEADER | 00000nam a22000007a 4500 | ||
|---|---|---|---|
| 008 | 240809b |||||||| |||| 00| 0 eng d | ||
| 020 | |a 9780500293454 | ||
| 100 | |a Zell Mo | ||
| 245 | |a The architectural drawing course |b : the hand drawing techniques every architect should know |c Mo Zell |g 160p.; ill | ||
| 260 | |b Thames and Hudson |c 2017 |h London |i 700941 |i 700942 |l NA2708.Z2 |m Architectural drawing- Technique | ||
| 500 | |a It includes bibliography and index | ||
| 942 | |a lcc |c BK |e Adeyemo O.O |f 9/8/2024 | ||
| 952 | |0 0 |1 0 |2 lcc |4 0 |6 NA2708 Z2 |7 0 |9 5466 |a EDM |b HOL |c LP |d 2024-08-09 |l 0 |o NA2708.Z2 |p 2024-0707 |r 2024-08-09 00:00:00 |t 700941 |w 2024-08-09 |y BK | ||
| 952 | |0 0 |1 0 |2 lcc |4 0 |6 NA2708 Z2 |7 0 |9 5467 |a HOL |b HOL |c LP |d 2024-08-09 |l 0 |o NA2708.Z2 |p 2024-0708 |r 2024-08-09 00:00:00 |t 700942 |w 2024-08-09 |y BK | ||
| 999 | |c 2705 |d 2705 | ||